Faroe Island towns with a map - Statistics

General Stats
  • This quiz has been taken 18 times
  • The average score is 48 of 105
Answers on the Map
Answers color-coded by a green-red scale on the quiz's map according to % correct below.
 
Answer Stats
Answer Population % Correct
Tórshavn 13,200
93%
Klaksvík 4,664
87%
Vágur 1,569
80%
Bøur 67
67%
Eiði 634
67%
Hoyvík 2,777
67%
Húsavík 82
67%
Kirkjubøur 81
67%
Mykines 25
67%
Nes 233
67%
Nólsoy 283
67%
Runavík 503
67%
Saksun 37
67%
Tvøroyri 1,230
67%
Argir 1,871
60%
Gásadalur 17
60%
Gjógv 53
60%
Hestur 44
60%
Hvalba 673
60%
Kirkja 31
60%
Miðvágur 1,040
60%
Sørvágur 1,066
60%
Sumba 289
60%
Trøllanes 26
60%
Vestmanna 1,284
60%
Fámjin 111
53%
Fuglafjørður 1,542
53%
Hattarvík 19
53%
Koltur 2
53%
Kunoy 70
53%
Kvívík 372
53%
Mikladalur 60
53%
Porkeri 396
53%
Sandur 608
53%
Sandvík 116
53%
Skopun 464
53%
Svínoy 95
53%
Tjørnuvík 66
53%
Dalur 45
47%
Funningur 66
47%
Glyvrar 425
47%
Hósvík 344
47%
Hov 149
47%
Kollafjørður 1,049
47%
Leirvík 960
47%
Lopra 124
47%
Sandavágur 779
47%
Skálavík 171
47%
Skarvanes 4
47%
Skúvoy 53
47%
Streymnes 189
47%
Sund 3
47%
Toftir 854
47%
Vatnsoyrar 41
47%
Velbastaður 148
47%
Ánir 18
40%
Haraldssund 77
40%
Húsar 60
40%
Hvalvík 183
40%
Hvannasund 271
40%
Kaldbak 229
40%
Leynar 114
40%
Morskranes 45
40%
Múli 4
40%
Nesvík 2
40%
Norðdepil 170
40%
Oyri 140
40%
Selatrað 71
40%
Signabøur 157
40%
Skipanes 61
40%
Strendur 854
40%
Stykkið 42
40%
Syðrugøta 421
40%
Akrar 13
33%
Depil 2
33%
Elduvík 23
33%
Froðba 158
33%
Gøtueiði 41
33%
Gøtugjógv 46
33%
Hellur 30
33%
Hvítanes 104
33%
Lambareiði 7
33%
Ljósá 31
33%
Norðragøta 573
33%
Øravík 36
33%
Oyndarfjørður 206
33%
Saltangará 799
33%
Svínáir 30
33%
Syðradalur 14
33%
Víkarbyrgi 2
33%
Árnafjørður 59
27%
Lambi 148
27%
Norðoyri 72
27%
Norðskáli 238
27%
Oyrarbakki 104
27%
Rituvík 268
27%
Saltnes 163
27%
Skælingur 11
27%
Skálafjørður 105
27%
Søldarfjørður 360
27%
Haldarsvík 175
20%
Norðradalur 19
20%
Norðtoftir 8
20%
Gjánoyri 55
7%
Ytri Skáli 621
7%
No matching quizzes found
Score Distribution
Percent of People with Each Score
Percentile by Number Answered
Your Score History
You have not taken this quiz